00281nam a2200121Ia 4500008004100000100002200041245001100063260003200074300000900106650002000115942000700135999001700142190216s9999||||xx |||||||||||||| ||und|| aRadhakrishnan C R 0aNilavu bPoorna Pubs Kozhikodec1967 a121p aMalayalam Novel cBK c26407d26407